Sports Quiz

Random Sports or NHL Quiz

Best all-time NHL players by number Quiz Stats

 Plays Quiz not verified by Sporcle

Challenge
Share
Tweet
Embed
Score 0/99 Timer 13:00
0 Plays Today
Number Name % Correct
99Wayne Gretzky
88.5%
4Bobby Orr
86.5%
9Gordie Howe
85.9%
11Mark Messier
79.5%
66Mario Lemieux
77.6%
19Steve Yzerman
76.9%
68Jaromir Jagr
75.6%
13Mats Sundin
69.9%
35Tony Esposito
69.2%
16Henri Richard
68.6%
22Mike Bossy
68.6%
87Sidney Crosby
68.6%
10Guy Lafleur
67.9%
77Ray Bourque
67.9%
33Patrick Roy
67.3%
17Jarri Kurri
65.4%
88Eric Lindros
62.2%
1Terry Sawchuk
61.5%
39Dominik Hasek
60.3%
5Denis Potvin
59.6%
21Stan Mikita
59%
18Denis Savard
56.4%
94Ryan Smyth
55.8%
93Doug Gilmour
55.1%
91Sergei Fedorov
53.8%
20Luc Robitaille
53.2%
30Martin Brodeur
53.2%
31Grant Fuhr
52.6%
71Evgeni Malkin
52.6%
8Cam Neely
51.3%
26Peter Stastny
48.7%
61Rick Nash
48.1%
40Henrik Zetterberg
47.4%
Number Name % Correct
29Ken Dryden
45.5%
89Alex Mogilny
43.6%
2Doug Harvey
42.9%
97Jeremy Roenick
42.3%
44Chris Pronger
39.7%
81Miroslav Satan
39.7%
3Scott Stevens
37.8%
52Adam Foote
37.2%
79Alexei Yashin
35.9%
96Tomas Holmstrom
35.3%
55Larry Murphy
33.3%
37Olaf Kolzig
32.7%
74Paul Coffey
32.1%
7Howie Morenz
31.4%
23Bob Gainey
31.4%
24Chris Chelios
30.8%
82Martin Straka
30.8%
32Dale Hunter
29.5%
56Sergei Zubov
29.5%
14Dave Keon
26.9%
27Frank Mahovlich
26.9%
63Mike Ribeiro
26.3%
28Steve Larmer
25.6%
34John Vanbiesbrouck
25.6%
48Daniel Briere
25.6%
83Ales Hemsky
25%
12Dickie Moore
24.4%
36Glenn Anderson
24.4%
25Jacques Lemaire
23.7%
60Jose Theodore
22.4%
73Michael Ryder
22.4%
15Milt Schmidt
21.8%
80Nik Antropov
21.2%
Number Name % Correct
38Dave Andreychuk
20.5%
90Joe Juneau
19.9%
85Petr Klima
17.9%
51Brian Campbell
16.7%
84Guillaume Latendresse
16.7%
6Ace Bailey
15.4%
75Hal Gill
15.4%
92Rick Tocchet
14.1%
42Sergei Makarov
11.5%
45Brendan Morrow
11.5%
95Danny Markov
10.9%
98Brian Lawton
10.9%
49Brian Savage
10.3%
46Martin St.Louis
9.6%
43Martin Biron
9%
47Viktor Kozlov
7.7%
62Olli Jokinen
7.7%
78Pavol Demitra
7.7%
53Nikolai Khabibulin
7.1%
58Bill Berg
5.8%
57Steve Heinze
3.8%
70Oleg Tverdovsky
3.8%
72Mathieu Schneider
3.8%
76Dustin Penner
3.8%
69Mel Angelstad
3.2%
41Stu Barnes
2.6%
65Mark Napier
2.6%
67Robert Svehla
1.9%
86Jonathan Ferland
1.9%
59Tom Fitzgerald
0.6%
50Trevor Letowski
0%
54Hannu Toivonen
0%
64Darrin Shannon
0%

You're not logged in!

Compare scores with friends on all Sporcle quizzes.
Join for Free
OR
Log In

You Might Also Like...

Show Comments

Extras

Top Quizzes Today


Score Distribution

Your Account Isn't Verified!

In order to create a playlist on Sporcle, you need to verify the email address you used during registration. Go to your Sporcle Settings to finish the process.

Report this User

Report this user for behavior that violates our Community Guidelines.

Details: